[Event "Premijer  Liga Crne Gore u sahu za 2015."]
[Site "Bar"]
[Date "2015.09.29"]
[Round "4.1"]
[White "Roganovic, Milos"]
[Black "Arsovic, Zoran"]
[Result "0-1"]
[WhiteElo "2526"]
[BlackElo "2421"]
[PlyCount "174"]
[EventDate "2015.09.26"]

1. e4 c5 2. Nf3 e6 3. d4 cxd4 4. Nxd4 Nc6 5. Nc3 Qc7 6. Be3 a6 7. Be2 b5 8.
Nxc6 Qxc6 9. O-O Bb7 10. Bf3 Qc7 11. e5 Rc8 12. Bxb7 Qxb7 13. Qd3 f5 14. Bg5 h6
15. Bd2 Ne7 16. a4 b4 17. Ne2 g5 18. c3 bxc3 19. Bxc3 Nd5 20. g4 Nf4 21. Nxf4
gxf4 22. Qh3 h5 23. g5 Be7 24. g6 Rh6 25. Qg2 f3 26. Qg3 h4 27. g7 Kf7 28. Qf4
Rg6+ 29. Kh1 Rg8 30. Rad1 R8xg7 31. Rd3 Rg4 32. Qxf3 Qxf3+ 33. Rxf3 Rxa4 34.
Rd3 Ke8 35. Bd4 Rc4 36. b3 Rc2 37. h3 Bc5 38. Rc3 Rxc3 39. Bxc3 Ke7 40. Be1 d6
41. f4 Kd7 42. b4 Bb6 43. Bxh4 Rh7 44. Bf2 Rxh3+ 45. Kg2 Rh8 46. Rd1 d5 47. Ra1
Ra8 48. b5 a5 49. Be1 Rg8+ 50. Kf3 Rg1 51. Ke2 Bc5 52. Ra4 Kc8 53. Bc3 Kb7 54.
Bxa5 Rb1 55. Bd2 Rxb5 56. Ra1 Rb2 57. Kd3 Rb3+ 58. Kc2 Rh3 59. Rb1+ Kc6 60. Rb8
d4 61. Rd8 Kb5 62. Ra8 Kc4 63. Ra4+ Kd5 64. Ra5 Ra3 65. Rxa3 Bxa3 66. Kd3 Bb2
67. Be1 Bc1 68. Bg3 Be3 69. Bh2 Kc5 70. Bg3 Kb4 71. Be1+ Kb5 72. Bg3 Kc5 73.
Bh2 Kb4 74. Bg3 Kb3 75. Be1 Bxf4 76. Kxd4 Ka4 77. Bh4 Kb5 78. Be7 Bc1 79. Bd6
Bb2+ 80. Kd3 Ba1 81. Ke3 Kc4 82. Kf4 Kd5 83. Bb8 Bc3 84. Bc7 Bd2+ 85. Kf3 Kc6
86. Bb8 Bb4 87. Ba7 Bc5 0-1

[Event "Premijer  Liga Crne Gore u sahu za 2015."]
[Site "Bar"]
[Date "2015.09.29"]
[Round "4.1"]
[White "Arsovic, Goran"]
[Black "Simic, Dragisa"]
[Result "1/2-1/2"]
[WhiteElo "2389"]
[BlackElo "2309"]
[PlyCount "28"]
[EventDate "2015.09.26"]

1. d4 Nf6 2. Nf3 g6 3. c4 Bg7 4. g3 O-O 5. Bg2 d6 6. O-O Nc6 7. Nc3 a6 8. Bf4
Rb8 9. Rc1 Bf5 10. d5 Na5 11. b3 c5 12. dxc6 Nxc6 13. Qd2 Rc8 14. Nd5 Be4
1/2-1/2

[Event "Premijer  Liga Crne Gore u sahu za 2015."]
[Site "Bar"]
[Date "2015.09.29"]
[Round "4.1"]
[White "Mrsevic, Miroslav"]
[Black "Vlatkovic, Milos"]
[Result "1-0"]
[WhiteElo "2268"]
[BlackElo "2333"]
[PlyCount "157"]
[EventDate "2015.09.26"]

1. Nf3 Nf6 2. d3 d5 3. Nbd2 g6 4. e4 dxe4 5. dxe4 Bg7 6. Bc4 O-O 7. O-O c6 8.
h3 Nfd7 9. a4 b6 10. Qe2 Qc7 11. c3 Bb7 12. Re1 e5 13. Nb3 Nf6 14. Bg5 Nbd7 15.
Qe3 Nh5 16. g3 Ndf6 17. Nbd2 Rad8 18. Nh2 Qd7 19. Ng4 Nxg4 20. hxg4 Nf6 21. f3
Qe7 22. Re2 Bc8 23. Rh2 Be6 24. Bf1 Rfe8 25. b4 c5 26. b5 c4 27. a5 Qc7 28.
axb6 axb6 29. Ra4 Rc8 30. Kh1 Nd7 31. Nxc4 Nc5 32. Rb4 Ra8 33. Rc2 Ra1 34. Rc1
Rea8 35. Qd2 Bxg4 36. fxg4 Nxe4 37. Qe1 Rxc1 38. Bxc1 Ra1 39. Qxe4 Rxc1 40. Kg2
Rxc3 41. Qc6 Qe7 42. Ra4 Bf8 43. Qe4 h5 44. Ne3 Qc5 45. Bd3 Qd6 46. Bc4 h4 47.
Ra7 Be7 48. Kh3 hxg3 49. Rxe7 Qxe7 50. Qxg6+ Kf8 51. Qh6+ Ke8 52. Qc6+ Kf8 53.
Nf5 g2+ 54. Kxg2 Rc2+ 55. Kf1 Qd8 56. Qh6+ Ke8 57. Qh8+ Kd7 58. Qxe5 Rc1+ 59.
Kg2 Rc2+ 60. Kf3 Qa8+ 61. Bd5 Qa3+ 62. Ne3 Rd2 63. Qf5+ Kd8 64. Qf6+ Qe7 65.
Qxb6+ Ke8 66. Qc6+ Kf8 67. Qc3 Rh2 68. Qc8+ Qe8 69. Qxe8+ Kxe8 70. b6 Kd7 71.
Nc4 f6 72. Kf4 Rf2+ 73. Ke4 Rf1 74. Ne3 Rb1 75. b7 Kd6 76. Nf5+ Kc5 77. Ne3 Kd6
78. Kf5 Kc7 79. Be4 1-0

[Event "Premijer  Liga Crne Gore u sahu za 2015."]
[Site "Bar"]
[Date "2015.09.29"]
[Round "4.1"]
[White "Geler, Aleksandar"]
[Black "Sukovic, Andrej"]
[Result "1/2-1/2"]
[WhiteElo "2229"]
[BlackElo "1999"]
[PlyCount "98"]
[EventDate "2015.09.26"]

1. d4 Nf6 2. c4 g6 3. Nc3 Bg7 4. e4 d6 5. Nf3 O-O 6. Be2 e5 7. d5 a5 8. Bg5 h6
9. Bh4 Qe8 10. Nd2 Na6 11. b3 Kh7 12. a3 Bd7 13. Rb1 g5 14. Bg3 Kg6 15. b4 Rh8
16. Nf1 Bf8 17. Ne3 h5 18. h4 Bh6 19. Nf5 g4 20. Bd3 Bxf5 21. exf5+ Kg7 22. O-O
Qe7 23. Re1 Nb8 24. Nb5 axb4 25. axb4 Ra2 26. Qb3 Rd2 27. c5 Na6 28. Bc4 Qd7
29. Rbc1 Rf8 30. Rc3 Nxd5 31. cxd6 cxd6 32. Rd3 Rxd3 33. Qxd3 Nf6 34. Qxd6 Qxd6
35. Nxd6 Bf4 36. Bxf4 exf4 37. b5 Nc5 38. Re7 Nfd7 39. Rxf7+ Rxf7 40. Bxf7 Ne4
41. Nxe4 Kxf7 42. Nd6+ Kf6 43. Nxb7 Kxf5 44. Nd6+ Ke5 45. Nc8 Kd5 46. Kf1 Kc5
47. b6 Nxb6 48. Nxb6 Kxb6 49. Ke2 Kc5 1/2-1/2

[Event "Premijer  Liga Crne Gore u sahu za 2015."]
[Site "Bar"]
[Date "2015.09.29"]
[Round "4.1"]
[White "Vih, Antun"]
[Black "Petijevic, Vaso"]
[Result "0-1"]
[WhiteElo "2116"]
[BlackElo "2267"]
[PlyCount "92"]
[EventDate "2015.09.26"]

1. Nf3 Nf6 2. c4 b6 3. g3 Bb7 4. Bg2 e6 5. O-O c5 6. Nc3 Be7 7. d4 cxd4 8. Qxd4
O-O 9. b3 d5 10. cxd5 Nxd5 11. Nxd5 Bxd5 12. e4 Bf6 13. e5 Nc6 14. Qe3 Nxe5 15.
Nxe5 Bxg2 16. Kxg2 Qd5+ 17. Nf3 Bxa1 18. Ba3 Bf6 19. Bxf8 Rxf8 20. Rc1 Qb7 21.
Rc4 Rd8 22. g4 h6 23. Kg3 Be7 24. Qe4 Qxe4 25. Rxe4 a5 26. Re2 Rd3 27. Rc2 Bc5
28. Kg2 f6 29. Nd2 Rd4 30. Kf3 Kf7 31. Ne4 Rd5 32. h4 f5 33. gxf5 exf5 34. Nxc5
Rxc5 35. Rd2 Rc6 36. Rd7+ Kf6 37. Kf4 g5+ 38. hxg5+ hxg5+ 39. Kf3 g4+ 40. Kf4
Rc2 41. Rd6+ Ke7 42. Rxb6 Rxf2+ 43. Ke5 Kf7 44. Rc6 g3 45. Rc3 f4 46. Kf5 g2
0-1

[Event "Premijer  Liga Crne Gore u sahu za 2015."]
[Site "Bar"]
[Date "2015.09.29"]
[Round "4.1"]
[White "Maric, Bozo"]
[Black "Cetkovic, Miodrag"]
[Result "1/2-1/2"]
[WhiteElo "2239"]
[BlackElo "2136"]
[PlyCount "70"]
[EventDate "2015.09.26"]

1. Nf3 Nf6 2. c4 g6 3. d4 Bg7 4. g3 O-O 5. Bg2 d6 6. O-O Nc6 7. Nc3 Bg4 8. h3
Bxf3 9. Bxf3 Nd7 10. e3 e5 11. d5 Ne7 12. e4 f5 13. Bg5 h6 14. Bd2 Nf6 15. Bg2
g5 16. exf5 Nxf5 17. Ne4 Qd7 18. Nxf6+ Rxf6 19. Be4 Raf8 20. Kg2 Nd4 21. Qh5
Qf7 22. Qxf7+ R6xf7 23. b4 Rd8 24. Rac1 Bf8 25. Rc3 c5 26. bxc5 dxc5 27. Rb1
Rd6 28. Ra3 a6 29. Rc3 b5 30. a4 b4 31. Rcc1 Bg7 32. Re1 Kf8 33. Be3 Rdf6 34.
Bxd4 exd4 35. f3 Rd6 1/2-1/2

[Event "Premijer  Liga Crne Gore u sahu za 2015."]
[Site "Bar"]
[Date "2015.09.29"]
[Round "4.2"]
[White "Sedlak, Nikola"]
[Black "Rapport, Richard"]
[Result "1/2-1/2"]
[WhiteElo "2549"]
[BlackElo "2649"]
[PlyCount "82"]
[EventDate "2015.09.26"]

1. d4 Nf6 2. Nf3 e6 3. e3 b6 4. Bd3 Bb7 5. O-O Rg8 6. Qe2 g5 7. e4 g4 8. Nfd2
Nc6 9. c3 Nh5 10. f4 Qh4 11. Nc4 O-O-O 12. Ne5 Be7 13. Be3 Nxe5 14. fxe5 f6 15.
exf6 Nxf6 16. Nd2 Rdf8 17. Bf2 Qh6 18. Be3 Qh5 19. Bf4 g3 20. Bxg3 Qxe2 21.
Bxe2 Nxe4 22. Nxe4 Bxe4 23. Rxf8+ Bxf8 24. Re1 d5 25. Bf1 Bh6 26. Bf2 Kd7 27.
g3 Kd6 28. Bg2 Bf5 29. h3 Bd2 30. Rd1 Bh6 31. g4 Bg6 32. Re1 Bf4 33. Be3 Rf8
34. Bxf4+ Rxf4 35. Rf1 Rxf1+ 36. Bxf1 h5 37. gxh5 Bxh5 38. Kf2 e5 39. dxe5+
Kxe5 40. Ke3 c5 41. Bb5 Bf7 1/2-1/2

[Event "Premijer  Liga Crne Gore u sahu za 2015."]
[Site "Bar"]
[Date "2015.09.29"]
[Round "4.2"]
[White "Perunovic, Milos"]
[Black "Drasko, Milan"]
[Result "1-0"]
[WhiteElo "2614"]
[BlackElo "2446"]
[PlyCount "61"]
[EventDate "2015.09.26"]

1. e4 e6 2. d4 d5 3. Nc3 Bb4 4. e5 Ne7 5. a3 Bxc3+ 6. bxc3 c5 7. Qg4 O-O 8. Bd3
f5 9. exf6 Rxf6 10. Bg5 Rf7 11. Qh5 g6 12. Qd1 Nbc6 13. Nf3 Qf8 14. h4 c4 15.
Be2 h6 16. Bd2 Kh8 17. Qc1 Ng8 18. Be3 Kh7 19. Ne5 Nxe5 20. dxe5 Bd7 21. Qd2
Bc6 22. Qd4 Ne7 23. g4 Be8 24. Qd2 Nc6 25. f4 Rd7 26. h5 gxh5 27. g5 hxg5 28.
Bxh5 Kg8 29. Bg4 Nd8 30. Qh2 Bg6 31. Qh8+ 1-0

[Event "Premijer  Liga Crne Gore u sahu za 2015."]
[Site "Bar"]
[Date "2015.09.29"]
[Round "4.2"]
[White "Lekic, Dusan"]
[Black "Kosic, Dragan"]
[Result "1/2-1/2"]
[WhiteElo "2377"]
[BlackElo "2468"]
[PlyCount "27"]
[EventDate "2015.09.26"]

1. d4 Nf6 2. c4 e6 3. Nf3 Bb4+ 4. Bd2 Bxd2+ 5. Qxd2 O-O 6. g3 d6 7. Bg2 Qe7 8.
Nc3 e5 9. O-O Re8 10. e4 Bg4 11. Ne1 Nc6 12. Nc2 Nxd4 13. Nxd4 exd4 14. Qxd4
1/2-1/2

[Event "Premijer  Liga Crne Gore u sahu za 2015."]
[Site "Bar"]
[Date "2015.09.29"]
[Round "4.2"]
[White "Ivanovic, Bozidar"]
[Black "Draganic, Veljko"]
[Result "0-1"]
[WhiteElo "2410"]
[BlackElo "2375"]
[PlyCount "134"]
[EventDate "2015.09.26"]

1. e4 c6 2. d4 d5 3. Nc3 dxe4 4. Nxe4 Bf5 5. Ng3 Bg6 6. h4 h6 7. Nf3 Nd7 8. h5
Bh7 9. Bd3 Bxd3 10. Qxd3 e6 11. Bd2 Ngf6 12. O-O-O Be7 13. Ne4 Nxe4 14. Qxe4
Nf6 15. Qe2 Qd5 16. c4 Qe4 17. Qxe4 Nxe4 18. Be3 b5 19. cxb5 cxb5 20. d5 O-O
21. Kb1 a5 22. dxe6 fxe6 23. Rd4 Nf6 24. Rd2 b4 25. Ne5 Rfc8 26. Ng6 Bc5 27.
Rc2 Bd6 28. Bd4 Rxc2 29. Kxc2 Rc8+ 30. Kd3 Kf7 31. Ne5+ Bxe5 32. Bxe5 Rc5 33.
f4 Rd5+ 34. Kc2 a4 35. a3 Rc5+ 36. Kd3 b3 37. g3 Rc2 38. Rg1 Nxh5 39. g4 Nf6
40. g5 Nh5 41. Ke3 hxg5 42. Rxg5 Nf6 43. Bd4 Nd5+ 44. Kf3 g6 45. Rg1 Rd2 46.
Ke4 Nf6+ 47. Ke3 Rc2 48. Kf3 Nd7 49. Rh1 e5 50. fxe5 Ke6 51. Re1 Rh2 52. Re4 g5
53. Bf2 Rh3+ 54. Bg3 Nc5 55. Rd4 Kf5 56. Rc4 Ne6 57. Kg2 Rh7 58. Rxa4 Rc7 59.
Rb4 Rc2+ 60. Kf1 Rxb2 61. a4 Rb1+ 62. Ke2 b2 63. a5 Rg1 64. Rxb2 Rxg3 65. Rb7
Ra3 66. Ra7 Kxe5 67. a6 Nc5 0-1

[Event "Premijer  Liga Crne Gore u sahu za 2015."]
[Site "Bar"]
[Date "2015.09.29"]
[Round "4.2"]
[White "Todorovic, Jovan"]
[Black "Batricevic, Sasa"]
[Result "1/2-1/2"]
[WhiteElo "2394"]
[BlackElo "2253"]
[PlyCount "118"]
[EventDate "2015.09.26"]

1. e4 c5 2. Nf3 Nc6 3. d4 cxd4 4. Nxd4 e5 5. Nb5 a6 6. Nd6+ Bxd6 7. Qxd6 Qf6 8.
Qxf6 Nxf6 9. Nc3 Nb4 10. Kd2 d6 11. a3 Nc6 12. Ke1 Be6 13. f3 d5 14. exd5 Nxd5
15. Nxd5 Bxd5 16. Bd3 O-O 17. Be3 Rfe8 18. Kf2 e4 19. fxe4 Bxe4 20. Bxe4 Rxe4
21. Rhe1 f5 22. Rad1 Rae8 23. Bc1 Rxe1 24. Rxe1 Rd8 25. b3 Kf7 26. Bb2 g5 27.
Re2 Rd6 28. h3 h5 29. Bc3 Rd5 30. Rd2 Ke6 31. Rxd5 Kxd5 32. Bf6 Nd4 33. Bxg5
Nxc2 34. Kg3 Ke4 35. Kh4 f4 36. Kxh5 Ne3 37. h4 Nxg2 38. Kg4 Ne3+ 39. Kh3 f3
40. Kg3 Ng4 41. h5 Kf5 42. Bh4 Ne5 43. h6 f2 44. Kg2 Kg6 45. Kxf2 Ng4+ 46. Kf3
Nxh6 47. Ke4 Kf7 48. Bg5 Ng4 49. Kd5 Nf2 50. Bh4 Nd3 51. Kd6 b5 52. Bg5 b4 53.
a4 a5 54. Kc6 Ke6 55. Be3 Ne1 56. Kb5 Nc2 57. Bb6 Na1 58. Kxa5 Nxb3+ 59. Kxb4
Kd7 1/2-1/2

[Event "Premijer  Liga Crne Gore u sahu za 2015."]
[Site "Bar"]
[Date "2015.09.29"]
[Round "4.3"]
[White "Bogosavljevic, Boban"]
[Black "Ivanisevic, Ivan"]
[Result "1/2-1/2"]
[WhiteElo "2520"]
[BlackElo "2658"]
[PlyCount "111"]
[EventDate "2015.09.26"]

1. Nf3 d5 2. g3 Nc6 3. d4 Bf5 4. Bg2 Nb4 5. Na3 e6 6. O-O Be7 7. c3 Na6 8. Qb3
Qc8 9. c4 c6 10. Ne5 Nf6 11. Bf4 O-O 12. Rac1 h6 13. Rfd1 Nb4 14. Bd2 a5 15.
Bxb4 Bxb4 16. c5 Bxa3 17. Qxa3 Nd7 18. Qe3 a4 19. Rc3 Ra5 20. Ra3 Rb5 21. Rd2
Nxe5 22. Qxe5 Qa8 23. Qc7 b6 24. cxb6 Qa5 25. Rd1 Rxb2 26. Qxc6 Qb4 27. Qc5 Rb8
28. Qxb4 Rxb4 29. f3 R8xb6 30. e4 Bg6 31. exd5 exd5 32. Bf1 Rc6 33. Rd2 Rc2 34.
Rxc2 Bxc2 35. Kf2 Rxd4 36. Ke3 Rd1 37. Bd3 Bxd3 38. Rxd3 Re1+ 39. Kd4 Re2 40.
Ra3 Rxh2 41. Kxd5 h5 42. Ke5 f6+ 43. Kf4 h4 44. Rxa4 h3 45. Kg4 Kh7 46. f4 Rh1
47. Ra8 Kg6 48. a4 h2 49. Kh3 Kf5 50. Ra5+ Ke4 51. Rb5 Ra1 52. Rb4+ Kf3 53.
Rb3+ Ke4 54. Rb4+ Kf3 55. Rb3+ Ke4 56. Rb4+ 1/2-1/2

[Event "Premijer  Liga Crne Gore u sahu za 2015."]
[Site "Bar"]
[Date "2015.09.29"]
[Round "4.3"]
[White "Markus, Robert"]
[Black "Miljkovic, Miroslav D"]
[Result "1/2-1/2"]
[WhiteElo "2621"]
[BlackElo "2493"]
[PlyCount "132"]
[EventDate "2015.09.26"]

1. d4 d5 2. c4 c6 3. Nf3 Nf6 4. g3 g6 5. Qa4 Nbd7 6. cxd5 Nb6 7. Qb3 cxd5 8.
Bg2 Bg7 9. O-O O-O 10. Nc3 Be6 11. Bf4 Nh5 12. Bd2 Nc4 13. e3 Nf6 14. Rfc1 h6
15. Qxb7 Ne4 16. Nxe4 Rb8 17. Nf6+ Bxf6 18. Qxa7 Rxb2 19. Bc3 Rb8 20. Ne5 Ra8
21. Qc5 Rc8 22. Qb4 Bf5 23. a4 e6 24. a5 Be7 25. Qa4 Nxe5 26. dxe5 Bd3 27. Bd4
Ra8 28. Bf1 Bxf1 29. Kxf1 Ra6 30. Rc6 Qa8 31. Rxa6 Qxa6+ 32. Kg2 Ra8 33. Bb6
Kg7 34. Qd7 Bb4 35. Qc6 Rc8 36. Qa4 Bc3 37. Rc1 Rc4 38. Qd1 Bxa5 39. Bd4 Qc6
40. Rb1 Bc3 41. Qf3 Qc7 42. Qf6+ Kg8 43. Bxc3 Rxc3 44. Ra1 Qb8 45. Ra6 Qf8 46.
Rd6 Rc8 47. g4 Re8 48. Rd7 Qg7 49. h4 Rc8 50. f4 h5 51. g5 Ra8 52. Kf3 Rc8 53.
Qe7 Qf8 54. Qf6 Re8 55. Ke2 Qg7 56. Kf2 Qf8 57. Ke2 Qg7 58. Kf3 Qf8 59. Kf2 Qg7
60. Rd6 Qf8 61. Rd7 Qg7 62. Kg3 Qf8 63. Kf3 Qg7 64. Rd6 Ra8 65. Rd7 Rc8 66. Kg3
Qf8 1/2-1/2

[Event "Premijer  Liga Crne Gore u sahu za 2015."]
[Site "Bar"]
[Date "2015.09.29"]
[Round "4.3"]
[White "Miljanic, Boro"]
[Black "Djukic, Nikola"]
[Result "0-1"]
[WhiteElo "2378"]
[BlackElo "2546"]
[PlyCount "52"]
[EventDate "2015.09.26"]

1. e4 c5 2. c3 Nf6 3. e5 Nd5 4. d4 cxd4 5. Nf3 Nc6 6. cxd4 d6 7. Bc4 dxe5 8.
Nxe5 e6 9. O-O Be7 10. Re1 O-O 11. Bxd5 Qxd5 12. Nc3 Qa5 13. Nxc6 bxc6 14. Qf3
Bb7 15. Bf4 Rad8 16. Qg3 Qf5 17. Ne4 Rd7 18. Rac1 Ba8 19. Nc5 Rxd4 20. Be5 Rg4
21. Qa3 a6 22. f3 Rg6 23. b4 h5 24. Kh1 Rd8 25. Qxa6 Qg5 26. Rc2 Qxe5 0-1

[Event "Premijer  Liga Crne Gore u sahu za 2015."]
[Site "Bar"]
[Date "2015.09.29"]
[Round "4.3"]
[White "Kalezic, Blazo"]
[Black "Kontic, Djordjije"]
[Result "1-0"]
[WhiteElo "2435"]
[BlackElo "2314"]
[PlyCount "61"]
[EventDate "2015.09.26"]

1. e4 c5 2. Nf3 Nc6 3. Nc3 g6 4. d4 cxd4 5. Nxd4 Bg7 6. Be3 Nf6 7. Bc4 O-O 8.
Bb3 d6 9. f3 Bd7 10. Qd2 Rc8 11. O-O-O Ne5 12. Kb1 a5 13. a4 Rxc3 14. Qxc3 Qa8
15. h4 Rc8 16. Qe1 h5 17. Qe2 Be8 18. Rhg1 Nfd7 19. g4 Nc5 20. gxh5 Bxa4 21.
hxg6 Bxb3 22. cxb3 fxg6 23. f4 b5 24. fxe5 Qxe4+ 25. Qc2 Qxe3 26. Qxg6 Qxe5 27.
Rg2 Rf8 28. Nc6 Qe4+ 29. Qxe4 Nxe4 30. Rdg1 Rf7 31. Nd8 1-0

[Event "Premijer  Liga Crne Gore u sahu za 2015."]
[Site "Bar"]
[Date "2015.09.29"]
[Round "4.3"]
[White "Milovic, Jovan"]
[Black "Pajkovic, Vladimir"]
[Result "1/2-1/2"]
[WhiteElo "2338"]
[BlackElo "2421"]
[PlyCount "84"]
[EventDate "2015.09.26"]

1. g3 e5 2. Bg2 Nf6 3. d3 Nc6 4. Nf3 d5 5. O-O Bg4 6. h3 Be6 7. Nc3 d4 8. Ne4
Nxe4 9. dxe4 Be7 10. e3 dxe3 11. Bxe3 Qxd1 12. Rfxd1 O-O 13. c3 Rfd8 14. b4 a6
15. a4 f6 16. Rdc1 a5 17. b5 Nb8 18. c4 c5 19. bxc6 bxc6 20. c5 Na6 21. Bf1
Rdb8 22. Nd2 Rb4 23. g4 Kf8 24. Be2 Ke8 25. Kg2 h6 26. Rc2 Bf7 27. h4 Kd8 28.
Nc4 Bxc4 29. Bxc4 Nxc5 30. Bf7 Nb3 31. Bxb3 Rxb3 32. Rxc6 Kd7 33. Rc2 Ra6 34.
Rac1 Bd8 35. Bc5 Ke8 36. f3 Rc6 37. h5 Rb7 38. Ba3 Rxc2+ 39. Rxc2 Rb3 40. Bc5
Rb1 41. Kf2 Ra1 42. Rc4 Be7 1/2-1/2

[Event "Premijer  Liga Crne Gore u sahu za 2015."]
[Site "Bar"]
[Date "2015.09.29"]
[Round "4.3"]
[White "Djukanovic, Sreten"]
[Black "Milovic, Aleksandra"]
[Result "1-0"]
[WhiteElo "2250"]
[BlackElo "2194"]
[PlyCount "73"]
[EventDate "2015.09.26"]

1. d4 Nf6 2. c4 Nc6 3. Nf3 e6 4. Nc3 Bb4 5. Bd2 O-O 6. e3 d6 7. Qc2 Qe7 8. a3
Bxc3 9. Bxc3 e5 10. dxe5 dxe5 11. Be2 Re8 12. h3 a5 13. b3 e4 14. Nd4 Ne5 15.
O-O Ng6 16. b4 axb4 17. axb4 Rxa1 18. Rxa1 Nh4 19. g3 Bxh3 20. gxh4 Nd7 21. Bf1
Qxh4 22. Bxh3 Qxh3 23. Ne2 h5 24. Qd1 Ne5 25. Bxe5 Rxe5 26. Ra8+ Kh7 27. Qd8
Qg4+ 28. Kf1 Qh3+ 29. Ke1 Qh1+ 30. Kd2 Re6 31. Qh8+ Kg6 32. Nf4+ Kf6 33. Qd8+
Kf5 34. Nxe6 Qf1 35. Nd4+ Kg6 36. Qxc7 Qd3+ 37. Kc1 1-0

[Event "Premijer  Liga Crne Gore u sahu za 2015."]
[Site "Bar"]
[Date "2015.09.29"]
[Round "4.4"]
[White "Brenjo, Slavisa"]
[Black "Milanovic, Danilo"]
[Result "1/2-1/2"]
[WhiteElo "2458"]
[BlackElo "2462"]
[PlyCount "49"]
[EventDate "2015.09.26"]

1. e4 d5 2. exd5 Qxd5 3. Nc3 Qd8 4. d4 Nf6 5. Nf3 Bg4 6. h3 Bxf3 7. Qxf3 c6 8.
Be3 e6 9. O-O-O Bb4 10. Ne4 Nxe4 11. Qxe4 Qd5 12. Qxd5 cxd5 13. c4 dxc4 14.
Bxc4 Nd7 15. Bb3 Bd6 16. f4 Nf6 17. f5 exf5 18. Rhf1 f4 19. Bxf4 Bxf4+ 20. Rxf4
O-O 21. Re1 Rac8+ 22. Kd2 Rc7 23. g4 Rd8 24. Kd3 Ne8 25. Re5 1/2-1/2

[Event "Premijer  Liga Crne Gore u sahu za 2015."]
[Site "Bar"]
[Date "2015.09.29"]
[Round "4.4"]
[White "Tadic, Branko"]
[Black "Savic, Miodrag R"]
[Result "1/2-1/2"]
[WhiteElo "2488"]
[BlackElo "2503"]
[PlyCount "47"]
[EventDate "2015.09.26"]

1. Nf3 Nf6 2. c4 e6 3. g3 d5 4. d4 Be7 5. Bg2 O-O 6. O-O dxc4 7. Qc2 a6 8. a4
Nc6 9. Qxc4 Qd5 10. Qd3 Nb4 11. Qd1 c5 12. Nc3 Qd8 13. dxc5 Bxc5 14. Bg5 h6 15.
Bxf6 Qxd1 16. Rfxd1 gxf6 17. Rac1 Be7 18. Nd2 Rb8 19. Nc4 b6 20. Kf1 Rd8 21.
Rxd8+ Bxd8 22. Rd1 Be7 23. Nd6 Kf8 24. Nxc8 1/2-1/2

[Event "Premijer  Liga Crne Gore u sahu za 2015."]
[Site "Bar"]
[Date "2015.09.29"]
[Round "4.4"]
[White "Perosevic, Aleksandar"]
[Black "Benderac, Srdjan"]
[Result "0-1"]
[WhiteElo "2159"]
[BlackElo "2296"]
[PlyCount "54"]
[EventDate "2015.09.26"]

1. e4 e5 2. d4 exd4 3. Nf3 Nc6 4. Bc4 Nf6 5. O-O Nxe4 6. Re1 d5 7. Bxd5 Qxd5 8.
Nc3 Qa5 9. Nxe4 Be6 10. Neg5 O-O-O 11. Nxe6 fxe6 12. Rxe6 Bd6 13. Bd2 Qf5 14.
Qe1 Qxc2 15. b4 Qa4 16. a3 Kb8 17. Ng5 Rhf8 18. Nxh7 Rh8 19. Qe4 Qb3 20. b5 Ne5
21. Ng5 Nc4 22. Bf4 d3 23. Bxd6 Nxd6 24. Qb4 Qd5 25. Qg4 d2 26. Rd1 Rhe8 27. f4
Qd4+ 0-1

[Event "Premijer  Liga Crne Gore u sahu za 2015."]
[Site "Bar"]
[Date "2015.09.29"]
[Round "4.4"]
[White "Tomic, Aleksandar"]
[Black "Saranovic, Mitar"]
[Result "0-1"]
[WhiteElo "2298"]
[BlackElo "2142"]
[PlyCount "62"]
[EventDate "2015.09.26"]

1. d4 Nf6 2. c4 e6 3. Nf3 b6 4. g3 Ba6 5. b3 d5 6. Bg2 Bb4+ 7. Bd2 Bd6 8. Nc3
O-O 9. e4 dxe4 10. Ng5 Nbd7 11. O-O Rc8 12. Qe2 Qe7 13. Ngxe4 h6 14. Nxd6 cxd6
15. d5 e5 16. f4 Rfe8 17. f5 e4 18. Bf4 b5 19. Rfe1 bxc4 20. b4 Nb6 21. Qd2 Bb7
22. Qd4 Nbxd5 23. Nxe4 Nxf4 24. Nxf6+ Qxf6 25. Qxf6 Nh3+ 26. Kf1 Bxg2+ 27. Kxg2
gxf6 28. Kxh3 Rxe1 29. Rxe1 d5 30. Kg2 d4 31. Kf3 d3 0-1